| 000 | 00489nam a2200157 4500 | ||
|---|---|---|---|
| 001 | 113863 | ||
| 003 | ES-MaACL | ||
| 007 | t| | ||
| 008 | 061121s1919 fr r ||||1| fre d | ||
| 100 | 1 |
_aPaeuw, León de. _988224 |
|
| 245 | 1 | 3 |
_aLa Reforme de l'Enseignement populaire en Belgique / _cLeón de Paeuw ; préface de Fernand Van Langeuhove. |
| 260 |
_aParis : _bA. Colin, _c1919. |
||
| 300 |
_a334 p. ; _c23 cm. |
||
| 700 | 1 |
_aLangeuhove, Fernanad van. _970041 |
|
| 852 |
_aES-MaACL _jG-5174 |
||
| 999 |
_c113863 _d113863 |
||